[Event "Bayern-chI Bank Hofmann"]
[Site "Bad Wiessee"]
[Date "1997.11.20"]
[Round "6"]
[White "Tauber, Manfred"]
[Black "Nisipeanu, Liviu Dieter"]
[Result "0-1"]
[WhiteElo "2220"]
[BlackElo "2600"]

1.e4 c5 2.Nf3 d6 3.d4 cxd4 4.Nxd4 Nf6 5.Nc3 a6 6.Be2 e6 7.O-O Be7 8.a4 Nc6
9.Be3 Qc7 10.f4 O-O 11.Kh1 Re8 12.Bd3 Bd7 13.Nb3 Nb4 14.a5 Rac8 15.Bb6 Qb8
16.Qe2 e5 17.Nd2 exf4 18.Rxf4 Be6 19.Raf1 Nd7 20.Nd5 Bxd5 21.exd5 Nxd3 22.Qxd3 Ne5
23.Qg3 Rxc2 24.Nf3 Nxf3 25.R4xf3 f6 26.h4 Qc8 27.h5 Rc1 28.h6 g6 29.Re1 Rxe1+
30.Qxe1 Bf8 31.Re3 Rxe3 32.Qxe3 Qf5 33.Qe6+ Qxe6 34.dxe6 Bxh6 35.g4 Kf8 36.Bd8 Bg5
37.Kg2 Ke8  0-1

[Event "Bayern-chI Bank Hofmann"]
[Site "Bad Wiessee"]
[Date "1997.11.24"]
[Round "9"]
[White "Nisipeanu, Liviu Dieter"]
[Black "Gabriel, Christian"]
[Result "1/2-1/2"]
[WhiteElo "2600"]
[BlackElo "2575"]

1.e4 e5 2.Nf3 Nc6 3.Bb5 a6 4.Bxc6 dxc6 5.O-O f6 6.d4 exd4 7.Nxd4 c5 8.Ne2 Qxd1
9.Rxd1 Bd7 10.Be3 O-O-O 11.Nbc3 Bd6 12.Bf4 Be6 13.Bxd6 cxd6 14.Nf4 Bf7 15.Ncd5 Kd7
16.Rd3  1/2-1/2

[Event "Berliner Sommer"]
[Site "Berlin"]
[Date "1997.??.??"]
[Round "1"]
[White "Allgaier, Erik"]
[Black "Nisipeanu, Liviu Dieter"]
[Result "0-1"]
[WhiteElo "2085"]
[BlackElo "2600"]

1.e4 c5 2.Nc3 e6 3.g3 d5 4.d3 Nf6 5.Bg2 dxe4 6.Nxe4 Nxe4 7.Bxe4 Qc7 8.Bg2 Nc6
9.Nf3 e5 10.Nd2 Be6 11.O-O Be7 12.b3 O-O 13.Bb2 Rad8 14.a4 Rfe8 15.f4 exf4
16.Rxf4 Nd4 17.Bxd4 cxd4 18.Nc4 Bg5 19.Rf1 g6 20.Kh1 h5 21.Qf3 Bd5 22.Qf2 Be3
23.Nxe3 dxe3 24.Qe2 Bxg2+ 25.Kxg2 Rd4 26.Rf3 h4 27.Raf1 hxg3 28.Rxg3 Rf4
29.Rff3 Qc6 30.Kg1 Rxf3 31.Rxf3 Qxf3 32.Qxf3  0-1

[Event "Berliner Sommer"]
[Site "Berlin"]
[Date "1997.??.??"]
[Round "2"]
[White "Nisipeanu, Liviu Dieter"]
[Black "Maniocha, Andrzej"]
[Result "1-0"]
[WhiteElo "2600"]
[BlackElo "2310"]

1.e4 c5 2.Nf3 Nc6 3.d4 cxd4 4.Nxd4 Nf6 5.Nc3 d6 6.Be2 e6 7.O-O Be7 8.Be3 O-O
9.Kh1 Qc7 10.f4 Bd7 11.Qe1 Nxd4 12.Bxd4 Bc6 13.Qg3 g6 14.f5 e5 15.Be3 Kg7
16.Qh4 Nh5 17.f6+ Bxf6 18.Rxf6 Qd8 19.Bxh5  1-0

[Event "Berliner Sommer"]
[Site "Berlin"]
[Date "1997.??.??"]
[Round "3"]
[White "Hillarp Persson, Tiger"]
[Black "Nisipeanu, Liviu Dieter"]
[Result "1-0"]
[WhiteElo "2445"]
[BlackElo "2600"]

1.d4 Nf6 2.c4 e6 3.Nc3 Bb4 4.Qc2 O-O 5.a3 Bxc3+ 6.Qxc3 b6 7.Nf3 Bb7 8.Bg5 d6
9.Nd2 c5 10.f3 h6 11.Bh4 cxd4 12.Qxd4 Nc6 13.Qc3 e5 14.e3 Rc8 15.Qd3 g5 16.Bg3 d5
17.h4 e4 18.fxe4 dxe4 19.Nxe4 Qxd3 20.Bxd3 Ba6 21.hxg5 Bxc4 22.Bxc4 Nxe4
23.Bh2 hxg5 24.Rd1 Rfe8 25.O-O Re7 26.Bd5 Nd8 27.Rf5 Nb7 28.Bxe4 Rxe4 29.Rxg5+ Kf8
30.Bf4 Rd8 31.Rf1 Rd7 32.Rh5 Nc5 33.Bg5 Ne6 34.Bf6 Rg4 35.Rc1 Rc7 36.Rxc7 Nxc7
37.Kf2 Ne6 38.Rh8+ Rg8 39.Rxg8+ Kxg8 40.Kf3 Kf8 41.Ke4 Ke8 42.Kd5 Kd7 43.Bd4 Nd8
44.a4 Nc6 45.Bc3 a5 46.Bd4 Kc7 47.Kc4 Kb7 48.g4 Ne7 49.Bf6 Nc6 50.g5 Kc7
51.Kd5 Nb4+ 52.Ke4 Nc2 53.Bc3  1-0

[Event "Berliner Sommer"]
[Site "Berlin"]
[Date "1997.??.??"]
[Round "7"]
[White "Aagaard, Jacob"]
[Black "Nisipeanu, Liviu Dieter"]
[Result "0-1"]
[WhiteElo "2435"]
[BlackElo "2600"]

1.d4 Nf6 2.c4 c5 3.d5 b5 4.cxb5 a6 5.bxa6 Bxa6 6.Nc3 d6 7.e4 Bxf1 8.Kxf1 g6
9.Nf3 Bg7 10.g3 Nbd7 11.h3 O-O 12.Kg2 Ra6 13.Re1 Qa8 14.Qc2 e6 15.Bf4 exd5
16.exd5 Rc8 17.Rad1 c4 18.Re7 Nb6 19.Qd2 Ra5 20.Bh6 Nfxd5 21.Re2 Nxc3 22.bxc3 Rd5  0-1

[Event "Ciocaltea mem"]
[Site "Bucharest"]
[Date "1997.??.??"]
[Round "1"]
[White "Nisipeanu, Liviu Dieter"]
[Black "Milu, Romeo Sorin"]
[Result "1/2-1/2"]
[WhiteElo "2545"]
[BlackElo "2425"]

1.Nf3 c5 2.c4 g6 3.Nc3 Bg7 4.d4 cxd4 5.Nxd4 Nc6 6.Nc2 Bxc3+ 7.bxc3 Qa5 8.Qd2 b6
9.e4 Nf6 10.f3 d6 11.a4 Be6 12.Nb4 Ne5 13.Nd5 Rc8 14.Nxf6+ exf6 15.Ba3 Nxc4
16.Bxc4 Bxc4 17.Qxd6 Qe5 18.Kf2 Qxd6 19.Bxd6 Kd7 20.Bf4 Bb3 21.Rhc1 Ke6 22.Be3 Rc7
23.a5 b5 24.Rab1 Bc4 25.Rd1 Ra8 26.Rd4 Rd7 27.Rxd7 Kxd7 28.Rd1+ Kc6 29.Bf4 Be6
30.Ke2 Kc5 31.Bd6+ Kc6 32.Be7 f5 33.Rd6+ Kc7 34.e5 Re8 35.Bf6 Bc4+ 36.Ke3 Re6
37.Rd1 Ra6 38.Ra1 h6  1/2-1/2

[Event "Ciocaltea mem"]
[Site "Bucharest"]
[Date "1997.??.??"]
[Round "2"]
[White "Vajda, Levente"]
[Black "Nisipeanu, Liviu Dieter"]
[Result "0-1"]
[WhiteElo "2435"]
[BlackElo "2545"]

1.e4 c6 2.d4 d5 3.exd5 cxd5 4.c4 Nf6 5.Nc3 e6 6.Nf3 Bb4 7.Bd3 dxc4 8.Bxc4 Bxc3+
9.bxc3 Qc7 10.Qd3 O-O 11.O-O b6 12.Re1 Bb7 13.Bb3 Nbd7 14.Bg5 Rac8 15.Rac1 Qd6
16.Bc2 Rfd8 17.Qe2 Re8 18.Bb1 h6 19.Bxf6 Nxf6 20.Ne5 Qd5 21.f3 Qa5 22.c4 Qa3
23.Qe3 Qxe3+ 24.Rxe3 Rc7 25.Ra3 Ba8 26.Rd1 Rd8 27.Kf2 Ne8 28.Ra4 Nd6 29.Bd3 f6
30.Ng4 Nc8 31.Ne3 Ne7 32.Be4 Bc6 33.Ra3 Rcd7 34.Bxc6 Nxc6 35.d5 exd5 36.Nxd5 Nb4
37.Rd4 a5 38.Rb3 Nxd5 39.Rbd3 Nb4 40.Rxd7 Nxd3+  0-1

[Event "Ciocaltea mem"]
[Site "Bucharest"]
[Date "1997.??.??"]
[Round "3"]
[White "Nisipeanu, Liviu Dieter"]
[Black "Marin, Mihail"]
[Result "1/2-1/2"]
[WhiteElo "2545"]
[BlackElo "2545"]

1.e4 d6 2.d4 Nf6 3.Nc3 g6 4.Be2 Bg7 5.Nf3 O-O 6.O-O Bg4 7.Ng5 Bxe2 8.Qxe2 Nc6
9.Rd1 Nd7 10.Nf3 e5 11.Bg5 Nxd4 12.Rxd4 f6 13.Bxf6 Bxf6 14.Rdd1 Rf7 15.Nd5 Nf8
16.Qc4 Kg7 17.a4 Qe8 18.Ra3  1/2-1/2

[Event "Ciocaltea mem"]
[Site "Bucharest"]
[Date "1997.??.??"]
[Round "5"]
[White "Nisipeanu, Liviu Dieter"]
[Black "Itkis, Boris"]
[Result "1/2-1/2"]
[WhiteElo "2545"]
[BlackElo "2440"]

1.e4 g6 2.d4 Bg7 3.Nf3 d6 4.Nc3 Nf6 5.Be2 O-O 6.O-O Bg4 7.Ng5 Bxe2 8.Qxe2 Nc6
9.Rd1 Nd7 10.Nf3 e5 11.Bg5 Qc8 12.dxe5 h6 13.Be3 Ndxe5 14.Nxe5 Nxe5 15.Nd5 Re8
16.Bd4 c6 17.Nc3 f5  1/2-1/2

[Event "Ciocaltea mem"]
[Site "Bucharest"]
[Date "1997.??.??"]
[Round "6"]
[White "Ionescu, Constantin"]
[Black "Nisipeanu, Liviu Dieter"]
[Result "1/2-1/2"]
[WhiteElo "2515"]
[BlackElo "2545"]

1.g3 Nf6 2.Bg2 g6 3.Nf3 Bg7 4.O-O O-O 5.c4 d6 6.Nc3 e5 7.d4 Nbd7 8.b3 Re8
9.e4 exd4 10.Nxd4 Nc5 11.f3 c6 12.Be3 d5 13.Nxc6 bxc6 14.Bxc5 dxc4 15.f4 Bg4
16.Qxd8 Rexd8 17.e5 Nd7 18.Bd6 Nb6 19.Ne4 Be6 20.Rac1 cxb3  1/2-1/2

[Event "Ciocaltea mem"]
[Site "Bucharest"]
[Date "1997.??.??"]
[Round "9"]
[White "Nisipeanu, Liviu Dieter"]
[Black "Solak, Dragan"]
[Result "1-0"]
[WhiteElo "2545"]
[BlackElo "2355"]

1.e4 c5 2.Nf3 d6 3.d4 cxd4 4.Nxd4 Nf6 5.Nc3 Nc6 6.Bg5 e6 7.Qd2 a6 8.O-O-O h6
9.Be3 Be7 10.f4 Bd7 11.Bd3 Ng4 12.Nxc6 Bxc6 13.Bg1 Qa5 14.Kb1 b5 15.a3 Qc7
16.h3 Nf6 17.Bh2 Qb7 18.Rhe1 a5 19.e5 dxe5 20.fxe5 Nd5 21.Nxd5 Bxd5 22.Qe2 Rb8
23.Qg4 g6 24.Rf1 h5 25.Qg3 O-O 26.Rf4 Bc5 27.Rh4 Kg7 28.Rxh5 Rh8 29.Rg5 Be4
30.Qf4 Bxd3 31.Qf6+ Kg8 32.Rxd3 Qe4 33.Rg4 Qf5 34.Qxf5 exf5 35.Rgg3 Rh4 36.e6 Rc8
37.Rd7 Rc6 38.e7  1-0

[Event "Ciocaltea mem"]
[Site "Bucharest"]
[Date "1997.??.??"]
[Round "10"]
[White "Istratescu, Andrei"]
[Black "Nisipeanu, Liviu Dieter"]
[Result "1/2-1/2"]
[WhiteElo "2545"]
[BlackElo "2545"]

1.e4 c6 2.d4 d5 3.Nd2 dxe4 4.Nxe4 Nd7 5.Ng5 Ngf6 6.Bd3 e6 7.N1f3 Bd6 8.Qe2 h6
9.Ne4 Nxe4 10.Qxe4 Nf6 11.Qe2 Qc7 12.Bd2 b6 13.Ne5 c5 14.Bb5+ Ke7 15.O-O-O Bb7
16.dxc5 Qxc5 17.a3 Qc7 18.Bf4 Bd5 19.Nc6+ Kf8 20.Bxd6+ Qxd6 21.Ne5 Qc5 22.f4 g6
23.Rhf1 h5 24.Bc4 Bxc4 25.Nxc4 Kg7 26.Ne5 Rhd8 27.g3 Rac8 28.h3 Rxd1+ 29.Rxd1 Nd5
30.Kb1  1/2-1/2

[Event "Ciocaltea mem"]
[Site "Bucharest"]
[Date "1997.??.??"]
[Round "12"]
[White "Nisipeanu, Liviu Dieter"]
[Black "Kiselev, Sergey"]
[Result "1-0"]
[WhiteElo "2545"]
[BlackElo "2485"]

1.e4 c5 2.c3 d5 3.exd5 Qxd5 4.d4 Nf6 5.Nf3 Bg4 6.Nbd2 Nc6 7.Bc4 Bxf3 8.Qb3 Bxg2
9.Bxd5 Bxd5 10.Qxb7 Nxd4 11.Qa6 Nc2+ 12.Ke2 Nxa1 13.Rd1 Rd8 14.Qa4+ Nd7 15.Nf3 Be6
16.Bf4 f6 17.Rxa1 Kf7 18.Rd1 Nb6 19.Qxa7 Rxd1 20.Kxd1 Nd5 21.Bd2 Bg4 22.Ke2 g5
23.Qb7 Nf4+ 24.Bxf4 gxf4 25.a4 Bh6 26.a5 Rd8 27.a6 Bc8 28.Qc6 Bd7 29.Qd5+ Ke8
30.Qh5+  1-0

[Event "Ciocaltea mem"]
[Site "Bucharest"]
[Date "1997.??.??"]
[Round "13"]
[White "Cosma, Ioan"]
[Black "Nisipeanu, Liviu Dieter"]
[Result "0-1"]
[WhiteElo "2495"]
[BlackElo "2545"]

1.d4 Nf6 2.Nf3 e6 3.g3 b5 4.Bg2 Bb7 5.O-O Be7 6.Bg5 O-O 7.Qd3 Be4 8.Qd1 d6
9.Nbd2 Bb7 10.c4 bxc4 11.Nxc4 Bd5 12.Bxf6 Bxf6 13.Qc2 Nd7 14.e4 Bxc4 15.Qxc4 Rb8
16.Qe2 Rb6 17.Rac1 Qb8 18.b3 c5 19.dxc5 dxc5 20.Rfe1 g6 21.e5 Bg7 22.Rcd1 Qc7
23.h4 h6 24.Rc1 Rfb8 25.Qe3 a5 26.Bf1 Rb4 27.Qc3 a4 28.Bc4 axb3 29.Bxb3 R8b7
30.Re2 Qb8 31.Qc2 Ra7 32.Qc3 Ra3 33.Rd1 c4 34.Rxd7 cxb3 35.axb3 Rbxb3 36.Qd4 Qb5
37.Rd8+ Kh7 38.Re3 Rb1+ 39.Ne1 Rxe3 40.Qxe3 Qxe5  0-1

[Event "ROM-chT"]
[Site "Eforie Nord"]
[Date "1997.??.??"]
[Round "?"]
[White "Nisipeanu, Liviu Dieter"]
[Black "Grigore, George"]
[Result "1-0"]
[WhiteElo "2600"]
[BlackElo "2485"]

1.e4 c5 2.Nf3 Nc6 3.d4 cxd4 4.Nxd4 e5 5.Nb5 d6 6.N1c3 a6 7.Na3 Be6 8.Nc4 b5
9.Ne3 Nf6 10.Ned5 Ne7 11.a4 Nexd5 12.exd5 Bg4 13.f3 b4 14.Na2 Bh5 15.Nxb4 Ne4
16.Nxa6 Qh4+ 17.g3 Nxg3 18.hxg3 Qxg3+ 19.Kd2 Bxf3 20.Qe1 Qf4+ 21.Qe3 Qxe3+
22.Kxe3 Bxh1 23.Nc7+ Kd8 24.Nxa8 Bxd5 25.Nb6 Bc6 26.Bc4 f5 27.Bd5 Kc7 28.a5 Be7
29.Ke2 f4 30.Ra3 Bb5+ 31.Kf3 Ba6 32.Rc3+ Kd8 33.b4 Bf6 34.b5 e4+ 35.Bxe4 Bxc3
36.bxa6  1-0

[Event "ROM-chT"]
[Site "Eforie Nord"]
[Date "1997.??.??"]
[Round "?"]
[White "Nisipeanu, Liviu Dieter"]
[Black "Ghinda, Mihail Viorel"]
[Result "1/2-1/2"]
[WhiteElo "2600"]
[BlackElo "2455"]

1.Nf3 Nf6 2.c4 g6 3.Nc3 d5 4.cxd5 Nxd5 5.Qa4+ Bd7 6.Qh4 Bc6 7.Ne5 Bg7 8.Nxc6 Nxc6
9.e3 O-O 10.Be2 Ncb4 11.O-O c5 12.Qe4 e6 13.a3 Nc6 14.Rb1 Rc8 15.Rd1 Qd7
16.Qc2 Rfd8 17.Na2 Qe7 18.b3 f5 19.Bb2 e5 20.Nc3 Nb6 21.Na4 Nxa4 22.bxa4 Kh8
23.d3 b6 24.Rbc1 h6 25.Bf3 Qd7 26.h3 Qe6 27.Be2  1/2-1/2

[Event "ROM-chT"]
[Site "Eforie Nord"]
[Date "1997.??.??"]
[Round "?"]
[White "Nisipeanu, Liviu Dieter"]
[Black "Dumitrache, Dragos"]
[Result "1-0"]
[WhiteElo "2600"]
[BlackElo "2440"]

1.e4 c5 2.Nf3 Nc6 3.c3 d5 4.exd5 Qxd5 5.d4 Nf6 6.dxc5 Qxc5 7.Na3 Ng4 8.Qe2 Bf5
9.h3 Nge5 10.Nxe5 Qxe5 11.Qxe5 Nxe5 12.Nb5 Rd8 13.Nxa7 Nd3+ 14.Bxd3 Bxd3
15.a4 e5 16.Be3 Be7 17.O-O-O O-O 18.Rhe1 Rd5 19.Nb5 Rfd8 20.b3 f5 21.Bb6 Bg5+
22.Kb2 R8d7 23.Nc7 R5d6 24.a5 Be4 25.Rxd6 Rxd6 26.g4 Bd2 27.Re2 Rd3 28.Nb5 Bc6
29.Rxe5 fxg4 30.hxg4 Bf4 31.Rf5 g5 32.Be3 Bd7 33.Rc5 Bxg4 34.Bxf4  1-0

[Event "ROM-chT"]
[Site "Eforie Nord"]
[Date "1997.??.??"]
[Round "?"]
[White "Nanu, Ciprian"]
[Black "Nisipeanu, Liviu Dieter"]
[Result "0-1"]
[WhiteElo "2320"]
[BlackElo "2600"]

1.e4 c6 2.d4 d5 3.Bd3 dxe4 4.Bxe4 Nf6 5.Bf3 Bf5 6.Ne2 e6 7.Ng3 Bg6 8.h4 h6
9.h5 Bh7 10.c3 Qc7 11.Nd2 Nbd7 12.Nge4 Bxe4 13.Nxe4 Nxe4 14.Bxe4 Nf6 15.Bf3 Bd6
16.Qb3 O-O 17.Bd2 c5 18.Qc4 cxd4 19.Qxd4 Bc5 20.Qf4 Qb6 21.O-O-O Bxf2 22.g4 Rfd8
23.Kb1 Nd5 24.Qh2 Be3 25.g5 Bxd2  0-1

[Event "BL2-O9798"]
[Site "Germany"]
[Date "1997.??.??"]
[Round "2.2"]
[White "Roth, Norbert"]
[Black "Nisipeanu, Liviu Dieter"]
[Result "0-1"]
[WhiteElo "2290"]
[BlackElo "2600"]

1.e4 c5 2.c4 d6 3.Nc3 Nc6 4.f4 g6 5.Be2 Bg7 6.d3 a6 7.Nf3 Nf6 8.O-O O-O 9.Qe1 b5
10.Qh4 bxc4 11.dxc4 Nd4 12.f5 gxf5 13.Bh6 Nxe2+ 14.Nxe2 Nxe4 15.Ng5 Bxh6
16.Qxh6 Nxg5 17.Qxg5+ Kh8 18.Rad1 Rg8 19.Qh5 Rb8 20.b3 e5 21.Nc3 f4 22.Qxf7 Rg7
23.Qh5 Bg4  0-1

[Event "Groningen op"]
[Site "Groningen"]
[Date "1997.??.??"]
[Round "1"]
[White "Metz, Hartmut"]
[Black "Nisipeanu, Liviu Dieter"]
[Result "0-1"]
[WhiteElo "2290"]
[BlackElo "2600"]

1.e4 c5 2.Nf3 d6 3.d4 cxd4 4.Nxd4 Nf6 5.Nc3 a6 6.Bg5 e6 7.f4 Qc7 8.Qf3 b5
9.Bxf6 gxf6 10.Bd3 Bb7 11.f5 b4 12.Nd5 e5 13.Nb3 Nd7 14.Ne3 h5 15.O-O Bh6
16.a3 Qb6 17.Rfe1 a5 18.axb4 axb4 19.Rxa8+ Bxa8 20.Kh1 Bxe3 21.Rxe3 Nc5 22.Nxc5 Qxc5
23.Re1 Ke7 24.Qe3 Qxe3 25.Rxe3 h4 26.Kg1 Rg8 27.Kf2 Rg4 28.h3 Rg5 29.g3 hxg3+
30.Rxg3 d5 31.exd5 Bxd5 32.h4 Rh5 33.Rg4 b3 34.c3 Bc6 35.Kg3 Bd7 36.Rb4 Bxf5
37.Be2 Rh7 38.Rxb3 Be4 39.Rb5 Rg7+ 40.Kf2 Rg2+ 41.Ke3 Rh2 42.Kxe4 Rxe2+ 43.Kf3 Re1
44.Kf2 Rh1 45.b4 Rxh4 46.Rc5 Kd6 47.Rc8 Kd7 48.Rc5 Kd6 49.Rc8 Rh2+ 50.Kg3 Rb2
51.Kg4 Kd5 52.Rc7 Ke4 53.Rxf7 Rg2+ 54.Kh3 Rg6 55.b5 Kf3 56.Kh2 e4 57.b6 e3
58.c4 e2 59.Re7 Kf2 60.Rxe2+ Kxe2 61.b7 Kf2 62.Kh3 f5  0-1

[Event "Groningen op"]
[Site "Groningen"]
[Date "1997.??.??"]
[Round "2"]
[White "Nisipeanu, Liviu Dieter"]
[Black "Visser, Yge"]
[Result "1-0"]
[WhiteElo "2600"]
[BlackElo "2380"]

1.e4 e6 2.d4 d5 3.Nd2 Nf6 4.e5 Nfd7 5.c3 c5 6.Bd3 Nc6 7.Ne2 cxd4 8.cxd4 f6
9.exf6 Nxf6 10.O-O Bd6 11.Nf3 O-O 12.Bf4 Nh5 13.Bxd6 Qxd6 14.Ng3 Nf4 15.Bb5 Bd7
16.Bxc6 Bxc6 17.Qb3 a5 18.Ne5 Qb4 19.Qe3 Qxb2 20.Rfb1 Qc2 21.Rc1 Qb2 22.a3 Qb6
23.Rab1 Qd8 24.Ne2 Nxe2+ 25.Qxe2 Qh4 26.Qe3 Qe4 27.Qxe4 dxe4 28.Nxc6 bxc6
29.Rxc6 Rab8 30.Rxb8 Rxb8 31.Kf1 Rd8 32.Rc4 Rd5 33.Ke2 Rh5 34.h3 Rg5 35.g3 Rf5
36.Rc5 Rf3 37.Rxa5 Rd3 38.Ra7 h5 39.a4 Rxd4 40.Ke3 e5 41.Ra5 g6 42.Ra7 Kf8
43.h4 Rb4 44.a5 Ra4 45.a6 Kg8 46.Kd2  1-0

[Event "Groningen op"]
[Site "Groningen"]
[Date "1997.??.??"]
[Round "5"]
[White "Ye Rongguang"]
[Black "Nisipeanu, Liviu Dieter"]
[Result "0-1"]
[WhiteElo "2500"]
[BlackElo "2600"]

1.d4 Nf6 2.Nf3 e6 3.Bg5 c5 4.e3 h6 5.Bxf6 Qxf6 6.c4 cxd4 7.exd4 Bb4+ 8.Nc3 Bxc3+
9.bxc3 b6 10.Be2 O-O 11.O-O d6 12.Nd2 Bb7 13.a4 a5 14.f4 Nd7 15.Bf3 Bxf3
16.Qxf3 Rac8 17.Rae1 Qd8 18.Rb1 Nf6 19.Rb5 d5 20.Rfb1 Ne4 21.Nxe4 dxe4 22.Qxe4 Rxc4
23.f5 exf5 24.Qxf5 Rxc3 25.d5 Qc7 26.Rf1 Rd8 27.Qf2 Rd6 28.Qe1 Kf8 29.Qe5 Rc5
30.Re1 Qd8 31.Qe4 Rxb5 32.axb5 Rxd5 33.Qc2 g6 34.h3 Rd2 35.Qc1 Qd4+ 36.Kh1 Kg7
37.Rf1 Qd5 38.Qa1+ Kh7 39.Rg1 Qxb5 40.Qf6 Qd5 41.Qxb6 Rd1 42.Rxd1 Qxd1+ 43.Kh2 a4
44.Qf6 Qb3 45.h4 h5 46.g4 hxg4  0-1

[Event "Groningen op"]
[Site "Groningen"]
[Date "1997.??.??"]
[Round "10"]
[White "Meins, Gerlef"]
[Black "Nisipeanu, Liviu Dieter"]
[Result "0-1"]
[WhiteElo "2460"]
[BlackElo "2600"]

1.d4 Nf6 2.c4 c5 3.d5 b5 4.cxb5 a6 5.Nc3 axb5 6.e4 b4 7.Nb5 d6 8.Bf4 g5 9.Bxg5 Nxe4
10.Bf4 Bg7 11.Qe2 Nf6 12.Nxd6+ Kf8 13.Nxc8 Qxc8 14.d6 exd6 15.Bxd6+ Kg8 16.Nf3 Nc6
17.Bxc5 Qf5 18.Qb5 Qe6+ 19.Be3 Ra5 20.Nd4 Nxd4 21.Qxa5 Nc2+ 22.Kd2 Nxe3 23.Qd8+ Bf8
24.fxe3 Kg7 25.Bd3 Bc5 26.Qc7 Bxe3+ 27.Kd1 Qg4+ 28.Be2 Qd4+ 29.Kc2 Qd2+ 30.Kb3 Qxe2
31.Qc4 Qxg2 32.Rhe1 Nd7 33.Qe2 Nc5+  0-1

[Event "Cappelle op"]
[Site "Cappelle la Grande"]
[Date "1998.02.27"]
[Round "8"]
[White "Negulescu, Adrian"]
[Black "Nisipeanu, Liviu Dieter"]
[Result "1/2-1/2"]
[WhiteElo "2445"]
[BlackElo "2610"]

1.d4 Nf6 2.Nf3 e6 3.e3 b6 4.Bd3 Bb7 5.O-O g6 6.Nbd2 Bg7 7.e4 d6 8.c3 Nbd7
9.Qe2 a6 10.Nc4 O-O 11.Bg5 h6 12.Bh4 Qb8 13.e5 Bxf3 14.Qxf3 dxe5 15.Bxf6 Nxf6
16.Nxe5 c5 17.Rfe1 cxd4 18.cxd4 Qd6 19.Rad1 b5 20.Bc2 Ra7 21.Bb3 Kh7 22.Rc1 Rc7
23.Rxc7 Qxc7 24.Qc3 Qxc3 25.bxc3 Kg8 26.c4 bxc4 27.Bxc4 Rd8 28.Bxa6 Rxd4
29.Bf1 Rd2 30.Bc4 Nd5 31.Nf3 Rc2 32.Bb3 Rb2 33.Bc4 Nc3 34.g3 Nxa2 35.Re2 Rxe2
36.Bxe2 Nc3 37.Bd3 Kf8 38.Kg2 Ke7 39.Nd2 f5 40.h4 e5 41.Nb1 Nd5 42.Bc4 Nb6
43.Bb3 Nd7 44.Nc3 Kd6 45.Bf7 e4 46.Nb5+ Kc5 47.Nc7 Be5 48.Na6+ Kb6 49.Nb4 Bd6
50.Nd5+ Kc5 51.Be8 Nf8 52.Nf6 Kd4 53.Nd7 f4 54.Nxf8 f3+ 55.Kf1  1/2-1/2

[Event "Cappelle op"]
[Site "Cappelle la Grande"]
[Date "1998.02.28"]
[Round "9"]
[White "Nisipeanu, Liviu Dieter"]
[Black "Ivanov, Jordan"]
[Result "1-0"]
[WhiteElo "2610"]
[BlackElo "2410"]

1.e4 c5 2.Nf3 Nc6 3.d4 cxd4 4.Nxd4 e5 5.Nb5 d6 6.N1c3 a6 7.Na3 b5 8.Nd5 Nf6
9.Bg5 Be7 10.Bxf6 Bxf6 11.c3 O-O 12.Nc2 Bg5 13.a4 bxa4 14.Rxa4 a5 15.Bb5 Bd7
16.O-O Rb8 17.Na3 g6 18.g3 Kh8 19.h4 Bh6 20.Rc4 Rc8 21.Qa4 Nb8 22.Bxd7 Nxd7
23.Rxc8 Qxc8 24.Qc4 Qe8 25.Nb5 Qe6 26.Kg2 f5 27.Nb6 d5 28.Qxd5 Qxd5 29.Nxd5 fxe4
30.Nd6 Rb8 31.Nxe4 Rxb2 32.Ra1 Nc5 33.Nxc5 Rb5 34.Ne4 Rxd5 35.f3 Rb5 36.c4 Rb2+
37.Kh3 Rb4 38.c5 a4 39.Rd1 Bf8 40.Rd8 Kg8 41.Rd7 Rxe4 42.fxe4 Bxc5 43.Rd5 Bd4
44.Ra5 h5 45.Rxa4 Kg7 46.Ra6 Kf7 47.g4 hxg4+ 48.Kxg4 Be3 49.Ra3 Bc1 50.Ra7+ Kf6
51.Ra6+ Kf7 52.h5 gxh5+ 53.Kxh5 Be3 54.Kg4 Bg1 55.Kf5 Bd4 56.Ra5 Ke8 57.Ke6 Kd8
58.Kf7  1-0

[Event "Hamburg-chI"]
[Site "Hamburg"]
[Date "1998.05.29"]
[Round "1"]
[White "Pestov, Sergei M"]
[Black "Nisipeanu, Liviu Dieter"]
[Result "0-1"]
[WhiteElo "2335"]
[BlackElo "2610"]

1.c4 Nf6 2.Nc3 c5 3.g3 e6 4.Nf3 b6 5.Bg2 Bb7 6.O-O Be7 7.b3 O-O 8.Bb2 d6
9.d4 cxd4 10.Qxd4 a6 11.Rad1 Nc6 12.Qf4 Qc7 13.Rd2 Ne5 14.e4 Nfg4 15.Nxe5 Nxe5
16.Qe3 Bc6 17.f4 Ng4 18.Qe2 Nf6 19.h3 Rfe8 20.Kh2 Rac8 21.Rfd1 h6 22.e5 dxe5
23.fxe5 Nh7 24.Ne4 Ng5 25.Nd6 Bxd6 26.exd6 Qd7 27.h4 Bxg2 28.hxg5 Bb7 29.gxh6 e5
30.hxg7 Kxg7 31.g4 Re6 32.Kg3 Rce8 33.Rf1 Rg6 34.Bxe5+ Kg8 35.Rf4 Rg5 36.Rf5 Qxf5
37.d7 Qxe5+ 38.Qxe5 Rgxe5 39.dxe8=Q+ Rxe8 40.Rd7 Be4 41.Rd6 Re6 42.Rxe6 fxe6  0-1

[Event "Hamburg-chI"]
[Site "Hamburg"]
[Date "1998.05.30"]
[Round "2"]
[White "Nisipeanu, Liviu Dieter"]
[Black "Mueller, Karsten"]
[Result "1/2-1/2"]
[WhiteElo "2610"]
[BlackElo "2515"]

1.e4 d5 2.exd5 Qxd5 3.Nc3 Qa5 4.d4 c6 5.Bc4 Bf5 6.Bd2 e6 7.Qf3 Bb4 8.Qg3 Bg6
9.Nge2 Nf6 10.a3 O-O 11.O-O Bxc3 12.Bxc3 Qb6 13.Nf4 Ne4 14.Qf3 Nxc3 15.Qxc3 Qc7
16.Nxg6 hxg6 17.Rfe1 Nd7 18.Qg3 Qxg3 19.hxg3 Rfd8 20.Rad1 Nb6 21.Bb3 Rd6
22.Rd3 Rad8  1/2-1/2

[Event "Hamburg-chI"]
[Site "Hamburg"]
[Date "1998.06.01"]
[Round "4"]
[White "Nisipeanu, Liviu Dieter"]
[Black "Ftacnik, Lubomir"]
[Result "1/2-1/2"]
[WhiteElo "2610"]
[BlackElo "2580"]

1.e4 d6 2.d4 Nf6 3.Nc3 g6 4.f4 Bg7 5.Nf3 O-O 6.Be3 c5 7.dxc5 Qa5 8.Qd2 dxc5
9.e5 Rd8 10.Qe2 Nd5 11.Bd2 Nb4 12.Rc1 Bf5 13.Kf2 Qc7 14.Be3 N8c6 15.a3 Na6
16.Qc4 Nd4  1/2-1/2

[Event "Hamburg-chI"]
[Site "Hamburg"]
[Date "1998.06.02"]
[Round "5"]
[White "Mowsziszian, Karen"]
[Black "Nisipeanu, Liviu Dieter"]
[Result "1/2-1/2"]
[WhiteElo "2500"]
[BlackElo "2610"]

1.g3 c5 2.Bg2 Nc6 3.e4 g6 4.d3 Bg7 5.f4 d6 6.Nf3 Nf6 7.O-O O-O 8.h3 Rb8 9.a4 a6
10.c3 c4 11.Nd4 Qb6 12.Kh2 Nxd4 13.a5 Qc5 14.Be3 e5 15.dxc4 exf4 16.gxf4 Nf3+
17.Qxf3 Qxc4 18.Nd2 Qc7 19.Ba7 Nh5 20.Bxb8 Qxb8 21.Kh1 Bh6 22.Qe3 Be6 23.Rf3 d5
24.e5 f6 25.Nb3 Bf5 26.Nc5 fxe5 27.Qxe5 Nxf4 28.Re1 Qxe5 29.Rxe5 Rc8 30.Nxb7 Be4
31.Rxf4 Bxf4 32.Re7 Rb8 33.b4 Bg5 34.Rd7 Rf8 35.Bxe4 dxe4 36.Rd1 e3 37.Re1 Rf2
38.Kg1 Rc2 39.Kf1 Rf2+ 40.Kg1 Rc2 41.Kf1  1/2-1/2

[Event "Hamburg-chI"]
[Site "Hamburg"]
[Date "1998.06.06"]
[Round "9"]
[White "Nisipeanu, Liviu Dieter"]
[Black "Kempinski, Robert"]
[Result "1-0"]
[WhiteElo "2610"]
[BlackElo "2520"]

1.e4 c5 2.Nf3 d6 3.d4 cxd4 4.Nxd4 Nf6 5.Nc3 a6 6.a4 e6 7.Be2 Be7 8.f4 Qc7
9.O-O Nc6 10.Be3 O-O 11.Kh1 Re8 12.Bf3 Na5 13.Bg1 e5 14.Nf5 Bxf5 15.exf5 exf4
16.Nd5 Nxd5 17.Bxd5 Bf6 18.Rxf4 Nc6 19.c3 Re7 20.Qf3 Ne5 21.Qg3 Rae8 22.Rd1 Qd7
23.Bb3 Nc6 24.Rff1 Re5 25.Qd3 Re2 26.Be6 R2xe6 27.fxe6 Rxe6 28.h3 Ne5 29.Qd5 Qc7
30.b3 h6 31.c4 Be7 32.Rfe1 Rg6 33.c5 Re6 34.Bh2 Bf8 35.b4 Qb8 36.cxd6 Bxd6
37.Bxe5 Bxe5 38.Qd8+ Qxd8 39.Rxd8+ Kh7 40.Rd7 b5 41.axb5 f6 42.bxa6 Rxa6
43.Rb7 Ra2 44.Rb1 f5 45.b5 Kg6 46.b6  1-0

[Event "MK Cafe Cup-A"]
[Site "Koszalin"]
[Date "1998.08.03"]
[Round "1"]
[White "Buturin, Vladimir"]
[Black "Nisipeanu, Liviu Dieter"]
[Result "1-0"]
[WhiteElo "2435"]
[BlackElo "2575"]

1.d4 Nf6 2.Nf3 e6 3.g3 b5 4.Bg2 Bb7 5.O-O Be7 6.c3 O-O 7.a4 b4 8.Nbd2 c5
9.cxb4 cxb4 10.Nb3 Bd5 11.Bg5 Nc6 12.Nfd2 Bxg2 13.Kxg2 d5 14.e3 Nd7 15.Bxe7 Nxe7
16.Qe2 Nf5 17.Rac1 Nf6 18.Nc5 Nd6 19.Qa6 Rc8 20.Nd3 Rb8 21.Ne5 Qb6 22.Rc6 Qxa6
23.Rxa6 Rb6 24.Rxb6 axb6 25.Rc1 Ra8 26.Rc6 Nfe8 27.Rxb6 Rxa4 28.Nc6 Kf8 29.Nxb4 Ra1
30.Rc6 Rd1 31.Rc2 Nb5 32.Na2 Ned6 33.Nc1 Ke7 34.Ncb3 h5 35.Rc1 Rxc1 36.Nxc1 Kd7
37.Ne2 g6 38.h4 Kc6 39.Kf1 Nc7 40.Nc3 Ncb5 41.Nxb5 Kxb5 42.Ke2 f6 43.Kd3 Kb4
44.e4 Nb5 45.f3 Nc7 46.g4 Nb5 47.gxh5 gxh5 48.Nf1 dxe4+ 49.fxe4 e5 50.d5 Kc5
51.Ng3 Nd4 52.Nxh5 Nf3 53.Nxf6 Nxh4 54.Ng4  1-0

[Event "MK Cafe Cup-A"]
[Site "Koszalin"]
[Date "1998.08.06"]
[Round "4"]
[White "Nisipeanu, Liviu Dieter"]
[Black "Khasin, Alexander"]
[Result "1/2-1/2"]
[WhiteElo "2575"]
[BlackElo "2500"]

1.e4 c5 2.Nf3 Nc6 3.d4 cxd4 4.Nxd4 g6 5.c4 Nf6 6.Nc3 d6 7.Be2 Nxd4 8.Qxd4 Bg7
9.Be3 O-O 10.Qd2 Be6 11.Rc1 Qa5 12.f3 Rfc8 13.b3 a6 14.Na4 Qxd2+ 15.Kxd2 Nd7
16.g4 f5 17.exf5 gxf5 18.h3 Rf8 19.f4 Rad8 20.g5 Nc5 21.Nxc5 dxc5+ 22.Bd3 b6
23.Kc2 Bd7 24.Rhe1 h6 25.h4 hxg5 26.hxg5 Kf7 27.Bd2 e6 28.Rh1 Rh8 29.Rce1  1/2-1/2

[Event "MK Cafe Cup-A"]
[Site "Koszalin"]
[Date "1998.08.07"]
[Round "5"]
[White "Podgaets, Mikhail"]
[Black "Nisipeanu, Liviu Dieter"]
[Result "1-0"]
[WhiteElo "2475"]
[BlackElo "2575"]

1.d4 Nf6 2.Nf3 c5 3.d5 g6 4.Nc3 d6 5.e4 Bg4 6.Be2 Bg7 7.O-O O-O 8.h3 Bxf3
9.Bxf3 Na6 10.Bg5 Nc7 11.a4 Nd7 12.Qd2 a6 13.Be2 Rb8 14.a5 b5 15.axb6 Rxb6
16.Nd1 Nf6 17.Bf3 e6 18.c3 Qb8 19.Ra2 exd5 20.exd5 Nd7 21.Ne3 Ne5 22.Be2 f5
23.Bf4 Qd8 24.Bxe5 dxe5 25.Nc4 Rd6 26.Nxd6 Qxd6 27.Rfa1 e4 28.Rxa6 Nxa6 29.Rxa6 Qb8
30.d6 Qb7 31.d7 Rd8 32.Bc4+ Kh8 33.Re6  1-0